| 000 | 00541nam a22001817a 4500 | ||
|---|---|---|---|
| 003 | OSt | ||
| 005 | 20140310182204.0 | ||
| 008 | 130903t xxu||||| |||| 00| 0 eng d | ||
| 020 | _a9654941015 | ||
| 050 |
_aBF 851 _b.C772 2000 |
||
| 082 |
_aHS 138 _bC78 2000 |
||
| 100 |
_aCooke, Jocelyne _916386 |
||
| 245 |
_aSecrets of the body : your character and future revealed / _cJocelyne Cooke. |
||
| 260 |
_aIsrael : _bAstrolog Publishing House, _cc2000. |
||
| 300 |
_a144 p. : _c20 cm. |
||
| 650 |
_aPhysiognomy. _99972 |
||
| 942 |
_2lcc _cHS |
||
| 999 |
_c10294 _d10294 |
||